000 007150000a22002290004500
001 018825
005 20250617121309.0
008 130614t xxu||||| |||| 00| 0 eng d
020 _a0767418379
082 _a306 POD
090 _c18825
_d18825
100 _aPodolefsky, Aaron
_939498
245 _aApplying cultural anthropology :
_ban introductory reader /
_cAaron Podolefsky and Peter J. Brown
250 _a5th ed.
260 _aLondon :
_c2001
_bMayfield Publishing
300 _axv, 316 p. :
_bill. ;
_c28 cm.
500 _aIncludes bibliographical references and index
650 _aApplied anthropology
_93747
650 _aEthnology
_966462
700 _aBrown, Peter J.
_939499
942 _cBOOK
_2ddc
999 _c18825
_d18825